| 000 | 01133nam a2200265Ia 4500 | ||
|---|---|---|---|
| 003 | OSt | ||
| 005 | 20220923220435.0 | ||
| 006 | a|||||r|||| 00| 0 | ||
| 007 | ta | ||
| 008 | 220922b |||||||| |||| 00| 0 hin d | ||
| 024 | _a186,652 | ||
| 037 | _cTextual | ||
| 040 |
_aARTS _cARTS _bhin |
||
| 041 |
_2hin _ahin |
||
| 082 | _aXv2'D, 152L7 | ||
| 100 |
_aझा, द्विजेन्द्र नारायण _9164196 |
||
| 245 | 0 | _aमौर्येत्तर तथा गुप्त कालीन राजस्व व्यवस्था, अनु हरिशचन्द्र सत्यार्थी | |
| 246 | _aMauryettar tathā gupta kālīn rājasva vyavasthā, anu0 harishachandra satyārthī | ||
| 260 |
_aनई दिल्ली _b राधाकृष्ण प्रकाशन _c1977 |
||
| 300 |
_a224 पृ. _ccm. |
||
| 650 | _a भारतीय अर्थव्यवस्था | ||
| 650 | _aअर्थशास्त्र | ||
| 942 |
_hXv2'D, 152L7 _cTEXL _2CC |
||
| 999 |
_c339895 _d339895 |
||